Eurovision Quiz - Statistics

General Stats
  • This quiz has been taken 52 times
  • The average score is 12 of 14
Answer Stats
Hint Extra Hint Answer % Correct
The most streamed song on Spotify Most popular TIKTOK song in 2020 Arcarde
93%
Who represented Ukraine for it first
victory in Eurovision back in 2004
Starts with R ends with A Ruslana
93%
Representer of Belgium's only victory
and record of youngest winner (13 yo)
Last Name Kim Sandra Kim
93%
Best Serbia's Ranking Victory 1
91%
Georgia's latest Qualified song By Nutsa in 2024 Firefighter
91%
Last Russia's representer in 2021 Russian Woman Manizha
91%
The only that particapated
once back 1980
Africa Morocco
91%
The first to Win back in 1956 First Host country Switzerland
91%
Won the most Eurovision
(Before Sweden)
Won before 21st century Ireland
89%
Non-European country who participated
since 2015
Oceania Australia
86%
The first winner of Televoting (2003) Everyway that she could Turkey
80%
Jury winner in 2018 Nothing but you Austria
75%
Hasn't won since 1969 First country to vote against Israel
(to get banned) in the EBU
Spain
73%
The country recived the most
points overall in Eurovision history
Winner of 2017 Portugal
68%
No matching quizzes found
Score Distribution
Percent of People with Each Score
Percentile by Number Answered
Your Score History
You have not taken this quiz